MARC details
| 000 -CABECERA |
| campo de control de longitud fija |
01836nam a2200313 a 4500 |
| 001 - NÚMERO DE CONTROL |
| campo de control |
000028274 |
| 005 - FECHA Y HORA DE LA ÚLTIMA TRANSACCIÓN |
| campo de control |
20240422201210.0 |
| 008 - DATOS DE LONGITUD FIJA--INFORMACIÓN GENERAL |
| campo de control de longitud fija |
110407s2010 dr r 001 0 spa d |
| 020 ## - NÚMERO INTERNACIONAL ESTÁNDAR DEL LIBRO |
| Número Internacional Estándar del Libro |
9789945875706 |
| 040 ## - FUENTE DE LA CATALOGACIÓN |
| Centro catalogador/agencia de origen |
DO-SdBNP |
| Lengua de catalogación |
spa |
| Centro/agencia transcriptor |
BNPHU |
| 082 ## - NÚMERO DE LA CLASIFICACIÓN DECIMAL DEWEY |
| Número de clasificación |
347.05 |
| Número de documento/Ítem |
I58p |
| 100 1# - ENTRADA PRINCIPAL--NOMBRE DE PERSONA |
| Nombre de persona |
Inoa, Orlidy |
| 9 (RLIN) |
9454 |
| 245 13 - MENCIÓN DE TÍTULO |
| Título |
El principio de oportunidad : |
| Resto del título |
como manifestación del principio de mínima intervención en el proceso penal acusatorio / |
| Mención de responsabilidad, etc. |
Orlidy Inoa. |
| 260 ## - PUBLICACIÓN, DISTRIBUCIÓN, ETC. |
| Lugar de publicación, distribución, etc. |
Santo Domingo : |
| Nombre del editor, distribuidor, etc. |
ENMP, |
| Fecha de publicación, distribución, etc. |
2010. |
| 300 ## - DESCRIPCIÓN FÍSICA |
| Extensión |
78 p. ; |
| Dimensiones |
24 cm. |
| 490 1# - MENCIÓN DE SERIE |
| Mención de serie |
ENMP |
| Designación de volumen o secuencia |
1 |
| 500 ## - NOTA GENERAL |
| Nota general |
Incluye datos biográficos de la autora en la solapa. |
| 502 ## - NOTA DE TESIS |
| Nota de tesis |
Tesis (Magister) Pontificia Universidad Católica Madre y Maestra, 2009. |
| 500 ## - NOTA GENERAL |
| Nota general |
Incluye bibliografía y notas al pie de páginas. |
| 504 ## - NOTA DE BIBLIOGRAFÍA, ETC. |
| Nota de bibliografía, etc. |
Bibliografía: p. 73-75. |
| 505 0# - NOTA DE CONTENIDO CON FORMATO |
| Información miscelánea |
Presentación / |
| Mención de responsabilidad |
Ramón Emilio Núñez N. -- |
| Título |
Introducción: Relevancia del principio de oportunidad en el proceso penal -- |
| -- |
El concepto de obligatoriedad de la acción penal, monopolio del Ministerio Público en el ejercicio de la acción penal -- |
| -- |
La oportunidad en el proceso penal -- |
| -- |
Política criminal, principio de oportunidad y concepto de justicia restauradora -- |
| -- |
El principio de oportunidad como manifestación del principio de mínima intervención en un estado democrático de derecho -- |
| -- |
Principio de oportunidad y demás salidas alternas al juicio oral -- |
| -- |
La oportunidad en otros sistemas jurídicos -- |
| Información miscelánea |
Conclusiones -- |
| -- |
Bibliografía comentada. |
| 590 ## - NOTA LOCAL (RLIN) |
| Nota local |
Inventariado, 2018/LP |
| 650 #0 - PUNTO DE ACCESO ADICIONAL DE MATERIA--TÉRMINO DE MATERIA |
| Término de materia o nombre geográfico como elemento de entrada |
Procedimiento penal |
| 9 (RLIN) |
554 |
| 650 #4 - PUNTO DE ACCESO ADICIONAL DE MATERIA--TÉRMINO DE MATERIA |
| Término de materia o nombre geográfico como elemento de entrada |
Proceso penal |
| 9 (RLIN) |
55270 |
| 650 #4 - PUNTO DE ACCESO ADICIONAL DE MATERIA--TÉRMINO DE MATERIA |
| Término de materia o nombre geográfico como elemento de entrada |
Acción penal |
| 9 (RLIN) |
16563 |
| 710 22 - PUNTO DE ACCESO ADICIONAL--NOMBRE DE ENTIDAD CORPORATIVA |
| Nombre de entidad corporativa o nombre de jurisdicción como elemento de entrada |
República Dominicana. |
| Unidad subordinada |
Ministerio Público. Escuela Nacional del Ministerio Público. |
| 9 (RLIN) |
55271 |
| 830 #0 - PUNTO DE ACCESO ADICIONAL DE SERIE-TÍTULO UNIFORME |
| Título uniforme |
ENMP ; |
| Designación de volumen o secuencia |
1 |
| 9 (RLIN) |
55272 |
| 910 ## - DATOS DE OPCIÓN DEL USUARIO (OCLC) |
| Datos de opción del usuario |
Validado. Control de calidad. EMS |